| 000 | 00673nam a2200253Ia 4500 | ||
|---|---|---|---|
| 003 | OSt | ||
| 005 | 20221005060229.0 | ||
| 006 | a|||||r|||| 00| 0 | ||
| 007 | ta | ||
| 008 | 221004b |||||||| |||| 00| 0 eng d | ||
| 024 | _a47803 | ||
| 037 | _cTextual | ||
| 040 |
_aCRL _cCRL _beng |
||
| 041 |
_2eng _aeng |
||
| 082 | _aT20aYZ, L8 | ||
| 100 |
_aRobinson Margaret _912826 |
||
| 245 | 0 | _aSchools and social work | |
| 260 |
_aLondon _bRouteldge and Kegan Paul _c1978 |
||
| 300 |
_a268p _ccm. |
||
| 490 | _a(Library of Social Work, 1978) . | ||
| 650 | _aEDUCATION | ||
| 942 |
_hT20aYZ, L8 _cTEXL _2cc |
||
| 999 |
_c966382 _d966382 |
||